[Event "Tuimazy RB-ch 00/01"]
[Site "Tuimazy"]
[Date "2015.08.18"]
[Round "6"]
[White "Gabdullin, Eduard"]
[Black "Nasibullin, Ruslan"]
[Result "0-1"]
[WhiteElo "1452"]
[BlackElo "1662"]
[PlyCount "90"]
[EventDate "2015.08.18"]
[EventType "tourn"]
[EventRounds "9"]
[EventCountry "RUS"]
[SourceTitle "EXT 2022"]
[Source "ChessBase"]
[SourceDate "2021.10.06"]
[SourceVersion "1"]
[SourceVersionDate "2021.10.06"]
[SourceQuality "1"]

1. e4 e5 2. Nf3 Nc6 3. Bc4 Be7 4. d4 d6 5. dxe5 dxe5 6. 0-0 Nf6 7. Qxd8+ Bxd8 8. Nc3 0-0 9. Bg5 Bg4 10. Ne1 Nd4 11. h3 Bh5 12. f4 exf4 13. Rxf4 Ne6 14. Bxe6 fxe6 15. g4 Bg6 16. Rd1 e5 17. Rf3 c6 18. Rd6 Bb6+ 19. Be3 Nxe4 20. Rxf8+ Rxf8 21. Rd3 Bxe3+ 22. Rxe3 Nxc3 23. Rxc3 e4 24. Re3 Rf6 25. Ng2 Rf3 26. Rxf3 exf3 27. Ne3 Kf7 28. Kf2 Be4 29. Nc4 Ke6 30. Ke3 Bxc2 31. Kxf3 b6 32. a3 c5 33. Kf4 Bd3 34. Ne3 b5 35. Ng2 Bf1 36. Kf3 Bxg2+ 37. Kxg2 c4 38. Kf3 a5 39. Ke4 g5 40. Kd4 Kd6 41. a4 Kc6 42. Kc3 Kc5 43. axb5 Kxb5 44. b3 cxb3 45. Kxb3 a4+ 0-1

[Event "Tuimazy RB-ch 00/01"]
[Site "Tuimazy"]
[Date "2015.08.18"]
[Round "8"]
[White "Ishkinin, Robert"]
[Black "Nasibullin, Ruslan"]
[Result "1-0"]
[WhiteElo "1999"]
[BlackElo "1662"]
[PlyCount "105"]
[EventDate "2015.08.18"]
[EventType "tourn"]
[EventRounds "9"]
[EventCountry "RUS"]
[SourceTitle "EXT 2022"]
[Source "ChessBase"]
[SourceDate "2021.10.06"]
[SourceVersion "1"]
[SourceVersionDate "2021.10.06"]
[SourceQuality "1"]

1. e4 e5 2. Nf3 Nc6 3. Bb5 a6 4. Ba4 Nf6 5. d3 d6 6. c3 b5 7. Bb3 Be7 8. Nbd2 0-0 9. Nf1 Na5 10. Bc2 c5 11. Ng3 Re8 12. 0-0 Bf8 13. h3 g6 14. Nh2 Bg7 15. f4 Nc6 16. a4 Bd7 17. Qf3 Rf8 18. f5 Qb6 19. Ng4 Nxg4 20. hxg4 f6 21. axb5 axb5 22. Rxa8 Rxa8 23. g5 Rf8 24. gxf6 Bxf6 25. Bh6 Bg7 26. Bxg7 Kxg7 27. f6+ Kf7 28. Qe3 Ke8 29. Bb3 Nd8 30. f7+ Rxf7 31. Bxf7+ Nxf7 32. Qf2 Be6 33. Qf6 Kd7 34. Ne2 Qa7 35. d4 Qa4 36. d5 Bxd5 37. exd5 Nd8 38. Qg7+ Kc8 39. Qxh7 Qe4 40. Qh3+ Kc7 41. Qf3 Qc2 42. b4 c4 43. Qe3 Qa4 44. Ng3 Qa8 45. Ne4 Qxd5 46. Qa7+ Nb7 47. Rf7+ Qxf7 48. Qxb7+ Kxb7 49. Nxd6+ Kc6 50. Nxf7 Kd5 51. Ng5 e4 52. Kf2 Ke5 53. Ke3 1-0

[Event "Tuimazy RB-ch 00/01"]
[Site "Tuimazy"]
[Date "2015.08.18"]
[Round "2"]
[White "Nasibullin, Ruslan"]
[Black "Tavragov, Rustem"]
[Result "1/2-1/2"]
[WhiteElo "1662"]
[BlackElo "1799"]
[PlyCount "94"]
[EventDate "2015.08.18"]
[EventType "tourn"]
[EventRounds "9"]
[EventCountry "RUS"]
[SourceTitle "EXT 2022"]
[Source "ChessBase"]
[SourceDate "2021.10.06"]
[SourceVersion "1"]
[SourceVersionDate "2021.10.06"]
[SourceQuality "1"]

1. e4 c5 2. Nf3 Nc6 3. d4 cxd4 4. Nxd4 Nf6 5. Nc3 g6 6. Be2 Bg7 7. Be3 0-0 8. 0-0 a6 9. Qd2 d5 10. exd5 Nxd5 11. Nxd5 Nxd4 12. Bxd4 Qxd5 13. c3 Rd8 14. Rfd1 e5 15. Be3 Qxd2 16. Rxd2 Rxd2 17. Bxd2 Be6 18. b3 Rd8 19. Rd1 Bf5 20. Be3 Rxd1+ 21. Bxd1 Bb1 22. a3 e4 23. c4 Bf8 24. c5 Bd3 25. f3 f5 26. fxe4 Bxe4 27. Be2 Kf7 28. Bc4+ Ke8 29. Kf2 Kd7 30. b4 h6 31. g3 Bc6 32. Bd4 Be7 33. Bf7 Bg5 34. Bxg6 Ke6 35. Bb2 a5 36. Bh7 axb4 37. Bg8+ Kd7 38. axb4 Bd2 39. Ba3 Bb5 40. Bd5 Kc7 41. h3 Bd3 42. g4 fxg4 43. hxg4 Bg6 44. b5 b6 45. Bc4 bxc5 46. Bxc5 h5 47. gxh5 Bxh5 1/2-1/2